00744nam a2200205 i 45000010005000000030009000050050017000140080041000310150018000720200015000900400028001050800011001330800011001441000117001552450138002722600071004105040030004819420012005119990015005238995KOSZ 00520180314133813.0050725s2004 pl a f f |001 0 pol c aPB 2013/28422 a8373650644 aWA NcWA NdKOSZ 005/HR a004.92 a004.4210aMUSIAŁ, Wojciech.cKatedra Inżynierii ProdukcjibPolitechnika Koszalińska - Wydział Mechaniczny,d1997 - .10aPodstawy modelowania geometrycznego 3D w zintegrowanym systemie komputerowym I-DEAS /cWojciech Musiał ; Politechnika Koszalińska. aKoszalin :bWydaw. Uczelniane Politechniki Koszalińskiej,c2004. aBibliogr. s. 308. Indeks. 2UKDcKS c8995d8995